| 000 | 00433 a2200157 4500 | ||
|---|---|---|---|
| 020 | _a9788496414730 | ||
| 020 | _a8496414736 | ||
| 041 | _aspa | ||
| 100 | _aPeydro, Eva. | ||
| 245 | _aLas vacaciones de Saida / Eva Peydro ; dibujos de Horacio Elena. | ||
| 260 | _aAlzira, Valencia : Algar Editorial, c2006. | ||
| 300 |
_a84 p. : il. ; _c21 cm. |
||
| 440 | _aColeccion Calcetin rojo, 19 | ||
| 700 | _aElena, Horacio. | ||
| 942 | _cBK | ||
| 999 |
_c4266 _d4266 |
||